000 01084nam a2200289 a 4500
001 BRCA_7316
005 20190320205806.0
008 050712m19051914nyu#######---#000-0#fre-#
041 _afre
044 _anyu
050 4 _aZ2685
_b.B61 1905
245 1 0 _aBibliographie Hispanique.
260 _aNueva York
_bHispanic Society of America
_c1905-1914
300 _a10 v.
_c19 cm.
500 _aInicio de la publicación 1905
500 _aEstado físico: los 10 volúmenes se encuentran intonsos ; el v.1.(1905), v.8. (1912), v.9. (1913) y v.10. (1914) se encuentran desojados
500 _aN1
505 0 _aContenido: v.1. 1905. -- v.2. 1906. -- v.3. 1907. -- v.4. 1908. -- v.5. 1909. -- v.6. -- 1910. -- v.7. 1911. -- v.8. 1912. -- v.9. 1913. -- v.10. 1914.
650 1 4 _aLiteratura española
_912355
650 1 4 _aLiteratura portuguesa
_918089
650 1 4 _aLiteratura catalana
_918090
651 4 _aPortugal
_vBibliografía
_918091
651 4 _aAmérica Latina
_vBibliografía
_910832
710 2 _aHispanic Society of America
_918092
902 _aGFM
942 _2lcc
_cB
999 _c6992
_d6992